Evidence-based practice in clinical hypnosis (Record no. 1309912)

MARC details
000 -LEADER
fixed length control field 01309cam a22003375i 4500
001 - CONTROL NUMBER
control field 23002644
005 - DATE AND TIME OF LATEST TRANSACTION
control field 20250501160952.0
008 - FIXED-LENGTH DATA ELEMENTS--GENERAL INFORMATION
fixed length control field 230307s2024 dcu 000 0 eng
010 ## - LIBRARY OF CONGRESS CONTROL NUMBER
LC control number 2023934121
020 ## - INTERNATIONAL STANDARD BOOK NUMBER
International Standard Book Number 9781433837654
037 ## - SOURCE OF ACQUISITION
Terms of availability TB
040 ## - CATALOGING SOURCE
Original cataloging agency CRL
Language of cataloging eng
Description conventions rda
Transcribing agency CRL
Modifying agency CRL
041 ## - LANGUAGE CODE
Source of code eng
Language code of text/sound track or separate title eng
042 ## - AUTHENTICATION CODE
Authentication code pcc
084 ## - COLON CLASSIFICATION NUMBER
Classification number S:851 R3
Assigning agency CRL
245 00 - TITLE STATEMENT
Title Evidence-based practice in clinical hypnosis
260 ## - PUBLICATION, DISTRIBUTION, ETC.
Place of publication, distribution, etc. Washington, USA:
Name of publisher, distributor, etc. American Psychological Association,
Date of publication, distribution, etc. 2023
263 ## - PROJECTED PUBLICATION DATE
Projected publication date 2405
300 ## - PHYSICAL DESCRIPTION
Extent xii, 257p. cm
336 ## - CONTENT TYPE
Content type term text
Content type code txt
Source rdacontent
337 ## - MEDIA TYPE
Media type term unmediated
Media type code n
Source rdamedia
338 ## - CARRIER TYPE
Carrier type term volume
Carrier type code nc
Source rdacarrier
520 ## - SUMMARY, ETC.
Summary, etc. "This book details the scientific evidence for and the clinical practice of hypnosis for a range of problems and symptoms, including anxiety, depression, acute pain, chronic pain, and other behavioral problems"--
Assigning source Provided by publisher.
650 ## - SUBJECT ADDED ENTRY--TOPICAL TERM
Topical term or geographic name entry element Psychology
650 ## - SUBJECT ADDED ENTRY--TOPICAL TERM
Topical term or geographic name entry element Hypnotism
9 (RLIN) 180576
700 1# - ADDED ENTRY--PERSONAL NAME
Personal name Milling, Leonard S.,
Relator term editor.
9 (RLIN) 753701
906 ## - LOCAL DATA ELEMENT F, LDF (RLIN)
a 0
b ibc
c orignew
d 2
e epcn
f 20
g y-gencatlg
942 ## - ADDED ENTRY ELEMENTS (KOHA)
Source of classification or shelving scheme Colon Classification (CC)
Koha item type Textbook
Classification part S:851 R3
Suppress in OPAC No
Holdings
Withdrawn status Lost status Source of classification or shelving scheme Damaged status Not for loan Home library Current library Date acquired Source of acquisition Cost, normal purchase price Inventory number Total Checkouts Full call number Barcode Date last seen Price effective from Koha item type
    Colon Classification (CC)     Central Library Central Library 2025-05-01 Elite Publishers Distributors 59.99 14998 & 2024-12-03   S:851 R3 CL1681713 2025-05-01 2025-05-01 Textbook
Copyright @ Delhi University Library System